Las Micro, pequeñas y medias empresas en Honduras /

Saved in:
Bibliographic Details
Main Author: Hernández Ch, Alcides
Format: Text
Subjects:
Tags: Add Tag
No Tags, Be the first to tag this record!

MARC

LEADER 00000 a a2200000 04500
001 14329
003
040
100 |a Hernández Ch, Alcides  
245 |a Las Micro, pequeñas y medias empresas en Honduras /  |c Alcides Hernández Ch 
500 |a Avance de investigación%Incluye lista de siglAvance de investigación%Incluye lista de siglas  
650 |a PEQUEÑA EMPRESA  
650 |a EMPRESAS MEDIANAS  
650 |a DESARROLLO ECONOMICO  
650 |a POLITICA ECONOMICA  
650 |a OPORTUNIDADES DE EMPLEO  
650 |a EMPRESAS  
650 |a INGRESO POR EXPORTACIONES  
650 |a LEGISLACION ECONOMICA  
773 |g volumen 7, número 59 -60; páginas 71-129  
999 |c 31115  |d 31115